UK Cities beginning with B - Statistics

General Stats
  • This quiz has been taken 91 times
  • The average score is 5 of 7
Answer Stats
Population Answer % Correct
1.1m Birmingham
95%
428k Bristol
86%
273k Brighton and Hove
77%
522k Bradford
72%
334k Belfast
70%
89k Bath
57%
18k Bangor
33%
No matching quizzes found
Score Distribution
Percent of People with Each Score
Percentile by Number Answered
Your Score History
You have not taken this quiz